000 00767nam0a22002531 4500
001 rc\2986009
005 20250806211614.0
035 _a(NLR Aleph) 007130508
090 _a65166
_c65166
100 _a20110912d1943 u y0rusy50 ca
101 0 _arus
102 _aRU
105 _aa z |||||
200 1 _aСращивание стальных тросов
210 _a[Москва]
_cСтройиздат
_d1943
215 _aТит. л., 16 с.
_cил.
_d20 см
700 1 _aУсенко
_bВ.М.
_gВасилий Митрофанович
801 0 _aRU
_bNLR
_gpsbo
801 1 _aRU
_bELAR
_2rusmarc
852 _aNLR
_jТ36 Г-4/167
942 _cBOOK
945 _aРоссийская национальная библиотека
980 _aNB
980 _aBV